漁業従業者の多い市町村top30 - Statistics

General Stats
  • This quiz has been taken 117 times
  • The average score is 18 of 30
Answer Stats
都道府県 市町村 従業者数 % Correct
長崎県 長崎市 889
92%
宮城県 石巻市 2,280
89%
北海道 根室市 2,268
88%
北海道 函館市 2,446
85%
愛媛県 宇和島市 2,181
83%
宮城県 気仙沼市 1,268
83%
長崎県 佐世保市 1,470
82%
三重県 志摩市 1,362
82%
熊本県 天草市 1,565
80%
長崎県 対馬市 2,082
79%
佐賀県 佐賀市 1,366
77%
長崎県 五島市 902
76%
北海道 稚内市 916
73%
長崎県 平戸市 1,231
71%
三重県 鳥羽市 1,109
68%
岩手県 宮古市 886
65%
広島県 呉市 882
64%
大分県 佐伯市 1,095
60%
兵庫県 淡路市 1,104
44%
宮城県 南三陸町 1,028
42%
北海道 厚岸町 1,119
40%
愛知県 南知多町 1,133
37%
愛媛県 愛南町 1,011
37%
北海道 浜中町 1,125
33%
北海道 えりも町 1,147
29%
北海道 八雲町 901
25%
北海道 羅臼町 1,120
24%
北海道 森町 962
21%
青森県 平内町 1,205
20%
福岡県 柳川市 1,085
15%
No matching quizzes found
Score Distribution
Percent of People with Each Score
Percentile by Number Answered
Your Score History
You have not taken this quiz